Central Library OPAC University of Rajshahi

Economics of dryland and rainfed farming : (Record no. 59542)

MARC details
000 -LEADER
fixed length control field 01370nam a2200277 a 4500
001 - CONTROL NUMBER
control field 59542
003 - CONTROL NUMBER IDENTIFIER
rucl marc code BD-RjUL
005 - DATE AND TIME OF LATEST TRANSACTION
control field 20211209080737.0
008 - FIXED-LENGTH DATA ELEMENTS--GENERAL INFORMATION
fixed length control field 161226s1988 th a b i100 0 eng
035 ## - SYSTEM CONTROL NUMBER
System control number (BD-RjUL)59666
040 ## - CATALOGING SOURCE
Original cataloging agency DLC
Transcribing agency DLC
Modifying agency (BD-RjUL
Language of cataloging eng
041 ## - LANGUAGE CODE
Language code of text/sound track or separate title eng
082 00 - DEWEY DECIMAL CLASSIFICATION NUMBER
Classification number 338.162
Edition number 23
Author mark and year ECO 1988
245 00 - TITLE STATEMENT
Title Economics of dryland and rainfed farming :
Remainder of title report of an expert consultation and country studies from Bangladesh, India, Nepal, Philippines, Sri Lanka, and Thailand./
260 ## - PUBLICATION, DISTRIBUTION, ETC. (IMPRINT)
Place of publication, distribution, etc. Bangkok :
Name of publisher, distributor, etc. United Nations, Economic and Social Commission for Asia and the Pacific :
-- Commonwealth Secretariat, Consultative Group on Agriculture for Asia-Pacific,
Date of publication, distribution, etc. 1988.
300 ## - PHYSICAL DESCRIPTION
Pagination iii, 132 p. :
Illustrations ill. (some col.) ;
Size 24 cm.
500 ## - GENERAL NOTE
General note "ST/ESCAP/634"--T.p. verso.
504 ## - BIBLIOGRAPHY, ETC. NOTE
Bibliography, etc Includes bibliographical references (p. 36-37).
650 #0 - SUBJECT ADDED ENTRY--TOPICAL TERM
Topical term or geographic name as entry element Dry farming
General subdivision Economic aspects
Geographic subdivision Asia
General subdivision Congresses.
9 (RLIN) 177100
Topical term or geographic name as entry element Dry farming
Geographic subdivision Asia
General subdivision Congresses.
9 (RLIN) 177101
710 2# - ADDED ENTRY--CORPORATE NAME
Corporate name or jurisdiction name as entry element United Nations.
Subordinate unit Economic and Social Commission for Asia and the Pacific.
9 (RLIN) 171410
Corporate name or jurisdiction name as entry element Commonwealth Secretariat.
Subordinate unit Consultative Group on Agriculture for Asia-Pacific.
9 (RLIN) 177102
711 2# - ADDED ENTRY--MEETING NAME
Meeting name or jurisdiction name as entry element Expert Consultation on the Economics of Dryland and Rainfed Farming
Date of meeting (1986 :
Location of meeting Bangladesh Agricultural Research Council)
9 (RLIN) 177103
942 ## - ADDED ENTRY ELEMENTS (KOHA)
Source of classification or shelving scheme Dewey Decimal Classification
Koha item type Books
Holdings
Lost status Source of classification or shelving scheme Damaged status Not for loan Collection code Permanent Location Current Location Shelving location Date acquired Source of acquisition Total Checkouts Full call number Date last seen Copy number Koha item type
  Dewey Decimal Classification   Not For Loan Non-fiction Central Library, University of Rajshahi Central Library, University of Rajshahi Reading Room 14/01/2009 Rajshahi.   338.162 ECO 1988 26/12/2016 C-1 Books